Post and telegraph guide. Part I (Record no. 19846)
[ view plain ]
| 000 -LEADER | |
|---|---|
| fixed length control field | 00266nam a2200097Ia 4500 |
| 082 ## - DEWEY DECIMAL CLASSIFICATION NUMBER | |
| Classification number | 354.42(036) |
| Item number | POS |
| 245 #0 - TITLE STATEMENT | |
| Title | Post and telegraph guide. Part I |
| 260 ## - PUBLICATION, DISTRIBUTION, ETC. (IMPRINT) | |
| Name of publisher | Director General of Posts and Telegraphs |
| 942 ## - ADDED ENTRY ELEMENTS (KOHA) | |
| Koha item type | Books |
| Withdrawn status | Lost status | Damaged status | Not for loan | Home library | Current library | Date acquired | Source of acquisition | Full call number | Accession Number | Koha item type |
|---|---|---|---|---|---|---|---|---|---|---|
| RRII Library | RRII Library | 16/12/2021 | Auction | 354.42(036) POS | 00576 | Books |